000 00637nam a22002177a 4500
005 20170124105930.0
010 _aA-706666
020 _c00.00
037 _bCen Lib/Ret
040 _aDPL
_bEN
082 _a391.00954
_bFAB
100 _aFabri, Charles
_98083
245 _aIndian dress :
_cby Charles Fabri
_ba brief history /
260 _aNew Delhi
_bDisha Books
_c1994
270 _aA-102/1 Okhla Industrial Area Phase II
_bNew Delhi
_e110020
300 _a104p.
_c21cm(Hb)
500 _aincludes index
650 _aClothing and dress
_925364
650 _aCostume
_98085
942 _2ddc
_cEN
_h391.00954
_mFAB
999 _c123801
_d123801